000 nam a22 7a 4500
999 _c8059
_d8059
008 171125b xxu||||| |||| 00| 0 eng d
100 _aBhartia.K.
_94508
245 _aExpression In Art
260 _aNew Delhi
_bNavdeep
_c2008